| 000 | 00944nam a22002897a 4500 | ||
|---|---|---|---|
| 001 | 000679 | ||
| 003 | DO-SdBNP | ||
| 005 | 20180208132019.0 | ||
| 007 | 000679 | ||
| 008 | 161110b 1994 ck a ||||| |||| 00| 0 spa d | ||
| 020 | _a9582401761 | ||
| 040 |
_aBPMSU _bspa _cBPMSU |
||
| 082 |
_axxxx _bxxxx |
||
| 100 | 1 |
_aLobel, Arnold, _d1933- |
|
| 240 | 1 |
_aFrog and toad all year. _lEspañol |
|
| 245 | 1 | 0 |
_aSapo y Sepo, un año entero / _cArnold Lobel ; traducción de Maria Puncel. |
| 260 |
_aSantafe de Bogota, Colombia : _bAlfaguara, _c1994. |
||
| 300 |
_a66 p. : _bil. ; _c19 cm. |
||
| 490 | 1 | _aInfantil Alfaguara | |
| 500 | _aPara niños a partir de los 6 años. | ||
| 500 | _aIncluye datos biográficos de la autora en la solapa de la contracubierta | ||
| 700 | 1 | 2 |
_aPuncel, Maria, _etr. |
| 830 | 0 | _aInfantil Alfaguara | |
| 942 |
_2ddc _cBK |
||
| 945 | _aInventariado, 2018 /LP | ||
| 956 |
_2LOPEREZ _310 _620161110 _8BPMSU _a00041 |
||
| 999 |
_c11896 _d11896 |
||